El adolescente / (Registro nro. 11536)

Detalles MARC
000 -LIDER
fixed length control field 01047nam a22003377a 4500
001 - NÚMERO DE CONTROL
Identificador de número de control 000547
003 - IDENTIFICACDOR DE NÚMERO DE CONTROL
control field DO-SdBNP
005 - DATE AND TIME OF LATEST TRANSACTION
control field 20171110093600.0
007 - CAMPOS FIJOS DE DESCRIPCIÓN FÍSICA
fixed length control field 000547
008 - ELEMENTOS DE LONGITUD FIJA
fixed length control field 161011b 2000 mx a ||||| |||| 00| 0 spa d
020 ## - ISBN
International Standard Book Number 970101989X
040 ## - FUENTE DE CATALOGACIÓN
Agencia que crea de manera original el registro BPMSU
Idioma de catalogación spa
Agencia que realiza la transcripción BPMSU
082 #4 - NÚMERO DE CLASIFICACIÓN DECIMAL DE DEWEY
Classification number 613.7043
Item number D878a
100 1# - ASIENTO PRINCIPAL -- NOMBRE PERSONAL
Nombre personal Dulanto Gutiérrez, Enrique
245 10 - MENCIÓN DE TITULO
Título El adolescente /
Mención de responsabilidad Enrique Dulanto Gutiérrez
260 0# - PUBLICACIÓN, DISTRIBUCIÓN, ETC. (PIE DE IMPRENTA)
Lugar de publicación, distribución, etc México, D.F. :
Nombre del editor, distribuidor, etc. McGraw-Hill Interamericana,
Fecha de publicación, distribución, etc 2000.
300 ## - DESCRIPCIÓN FÍSICA
Extensión xxxi, 1373 p. :
Otros detalles físicos il. ;
Dimensiones 28 cm.
500 ## - NOTA GENERAL
Nota general Incluye índice.
504 ## - NOTA DE BIBLIOGRAFÍA, ETC.
Bibliography, etc Bibliografía: p.1338-1342
650 #4 - ENCABEZAMIENTO DE MATERIA--TEMÁTICO
Término temático o nombre geográfico como elemento de entrada ENFERMEDADES DE LOS ADOLESCENTES
650 #4 - ENCABEZAMIENTO DE MATERIA--TEMÁTICO
Término temático o nombre geográfico como elemento de entrada PUBERTAD
650 #4 - ENCABEZAMIENTO DE MATERIA--TEMÁTICO
Término temático o nombre geográfico como elemento de entrada ADOLESCENTES
Subdivisión temática general ASPECTOS SOCIALES
650 #4 - ENCABEZAMIENTO DE MATERIA--TEMÁTICO
Término temático o nombre geográfico como elemento de entrada CONDUCTA DEL ADOLESCENTE
650 #4 - ENCABEZAMIENTO DE MATERIA--TEMÁTICO
Término temático o nombre geográfico como elemento de entrada EMBARAZO EN ADOLESCENTES
650 #4 - ENCABEZAMIENTO DE MATERIA--TEMÁTICO
Término temático o nombre geográfico como elemento de entrada ADOLESCENTES HOMOSEXUALES
650 #4 - ENCABEZAMIENTO DE MATERIA--TEMÁTICO
Término temático o nombre geográfico como elemento de entrada PSICOLOGÍA DEL ADOLESCENTE
910 ## - VALIDACIÓN
Validación Validado. Control de calidad
942 ## - ADDED ENTRY ELEMENTS (KOHA)
Source of classification or shelving scheme Dewey Decimal Classification
Koha item type Libros
945 ## - INFORMACIÓN DE PROCESAMIENTO LOCAL
Información de procesamiento local Inventariado, 2017/MFF
956 ## - LOCAL ELECTRONIC LOCATION AND ACCESS (OCLC)
Método de acceso LOPEREZ
Materiales especificados 10
Enlace 20161011
Campo enlazado y núm. de secuencia BPMSU
Nombre de host 00041
Existencias
Withdrawn status Lost status Source of classification or shelving scheme Damaged status Not for loan Collection code Home library Current library Date acquired Source of acquisition Total Checkouts Full call number Barcode Date last seen Price effective from Koha item type
    Dewey Decimal Classification     Colección General Biblioteca Pública Metropolitana Salomé Ureña Biblioteca Pública Metropolitana Salomé Ureña 10/11/2016 FUNDI   613.7043 D878a BPMSU16100106 10/11/2016 10/11/2016 Libros